000 00892cam a2200277 a 4500
001 479371
003 OSt
005 20250901165811.0
008 840605s1984 nyu b 001 0 eng
010 _a 84012678
020 _a0876303696
040 _aDLC
_cDLC
_dDLC
050 0 0 _aRJ 504 .C617 1984
_b.C617 1984
082 0 0 _a618.92/8909
_219
100 1 _aCooper, Shirley,
_d1923-
245 1 2 _aA casebook of child psychotherapy :
_bstrategies and technique /
_cby Shirley Cooper and Leon Wanerman.
260 _aNew York :
_bBrunner/Mazel,
_cc1984.
300 _axviii, 256 p. ;
_c24 cm.
504 _aIncludes bibliographies and index.
650 0 _aChild psychotherapy
_xCase studies.
650 0 _aChild psychotherapy.
700 1 _aWanerman, Leon,
_d1935-
740 0 _aCase book of child psychotherapy.
906 _a7
_bcbc
_corignew
_d1
_eocip
_f19
_gy-gencatlg
942 _2lcc
_cBK
999 _c9388
_d9388